000 00481nam a2200181Ia 4500
003 GCL
008 140319s9999 xx 000 0 eng d
040 _aGCL /
_cGCL
082 0 4 _aCC
_b398.0962
_bF A
100 1 _aFAKER EL DIN, HASSAN
245 1 0 _aASWAN TROUPE FOR FOLKLORIC ARTS /
_cFAKER EL DIN, HASSAN
260 _a[S.N] :
_bFOREIGN PRESS AND INFORMNTION DERT
300 _a24P
650 0 4 _aFOLKLORE
650 0 4 _aDANCE
650 0 4 _aFOLKLORE - EGYPT
942 _2ddc
_cBK
999 _c15392
_d15392